000 00547nam a22001697a 4500
005 20251108165803.0
008 250721s1997 xx 000 0 ara d
082 1 4 _aم/341.57/كما
100 1 _aحمدي، كمال
245 1 0 _aالقانون البحري :
_bالسفينة - أشخاص الملاحة البحرية ... /
264 1 _aالإسكندرية :
_bمنشأة المعارف،
_c1997.
300 _a900ص
650 1 7 _aالقانون البحري
650 1 7 _aالنقل البحري
942 _2ddc
_cREF
999 _c31285
_d31285